God Defend New Zealand (Aotearoa) English lyrics - Statistics

General Stats
  • This quiz has been taken 87 times
  • The average score is 39 of 43
Answer Stats
Lyrics % Correct
defend
98%
defend
98%
God
98%
God
98%
God
98%
our
98%
our
98%
land.
97%
of
97%
of
97%
of
97%
the
97%
the
97%
we
97%
we
97%
at
95%
free
95%
feet,
93%
New
93%
thy
93%
Zealand.
93%
Nations
92%
star
92%
and
90%
in
90%
love
90%
meet,
88%
voices,
88%
war,
88%
bonds
86%
Hear
86%
entreat,
85%
From
83%
strife
83%
triple
83%
Pacific's
80%
afar,
78%
heard
78%
praises
78%
her
76%
Make
76%
Guard
73%
shafts
66%
No matching quizzes found
Score Distribution
Percent of People with Each Score
Percentile by Number Answered
Your Score History
You have not taken this quiz